1258 1012 1263 1439 1227 1902 1521 1303 1978 1005 1689 1345 1091 1387 1408 1587 1712 1924 1827 1691 1058 1225 1538 1814 1293 1269 1777 1671 1825 1333 1006 1900 1520 1692 1187 1400 1975 1825 1153 1027 1457 1429 1911 1101 1157 1969 1355 1882 1693 1220 1956 1125 1246 1442 1588 1847 1766 1278 1375 1412 1814 1696 1249 1043 1149 1822 1886 1034 1898 1532 1947 1530 1654 1389 1187 1561 1182 1170 1833 1373 1478 1087 1142 1496 1599 1525 1406 1259 1864 1089 1450 1053 1907 1064 1437 1722 1634 1278 1931 BCNSPRNW ULIB Ver.6.0+V

เปลี่ยนเป็นภาษาไทย

Change to English
 แสดงรายละเอียดบรรณานุกรม
  กลับหน้าหลัก

Brief Record : Get Marc (ISO 2709) : E-mail record : QR code < ปิดหน้าต่าง
LEADER : 00000nam 2200000uu 4500
001    13399112741
003     ULIB
008    110627s2550||||th 000 0 tha d
020    9789748290256
090    นว.^bค774ร 2550
100 0  เคลียร์ ไอซ์
245 00 ร้อยเล่ห์...เพทุบายรัก/^cเคลียร์ ไอซ์
250    พิมพ์ครั้งที่ 2
260    กรุงเทพฯ :^bแจ่มใส,^c2550
300    201 หน้า
710 1  แจ่มใส
945    ^p159^l0^i021012
995    ทศพร
999 ^a ใช้งานได้ทุกระบบ
รายการนี้ยังไม่มีแท็ก
คุณยังไม่ได้ล็อกอิน คุณสามารถมีกิจกรรมร่วมกับเว็บไซต์ได้ แต่ต้องล็อกอินก่อน ::
  ล็อกอิน

รายการสื่อสารสนเทศ

ลำดับที่ ประเภท เลขเรียก/บาร์โค้ด สถานที่ สถานะ
- ไม่พบข้อมูล -

BibComment


ยังไม่เคยถูกคอมเมนท์

คอมเมนท์ทรัพยากรรายการนี้
  คอมเมนท์: ร้อยเล่ห์เพทุบายร..


 Copyright 2026. Bcnsprnw @Library